00762nam a2200217Mi 450000500170000000800410001702000180005802000180007604000500009404100080014410000190015224500440017126000610021530000590027649000460033550400530038165000290043465000280046365000280049165000250051920140903175111.0140530s2008 enkad fr 001 0 eng d a9780521515849 a9780521731522 aCO-BoUCMbspacJose A. GerenadJose A. Gerena0 aeng1 aTilly, Charles10aContentious performancescCharles Tilly aCambridge (Inglaterra)bCambridge University pressc2008 axvi, 235 páginasbilustraciones, cuadros, gráficas0 aCambridge studies in contentious politics aIncluye referencias bibliográficas e índices 7aComportamiento colectivo 7aMovimientos de protesta 7aPsicología política 7aViolencia política